| 000 | 00355nam a2200145Ia 4500 | ||
|---|---|---|---|
| 005 | 20251222153644.0 | ||
| 008 | 251222s9999||||xx |||||||||||||| ||spa|| | ||
| 020 | _a9780192833891 | ||
| 082 | _a400/T98/Ej.3 | ||
| 100 | _a Twain, Mark | ||
| 245 | 4 | _aThe Adventures of Tom Sawyer | |
| 250 | _a1ra .ed | ||
| 264 | _bOXFORD University Press | ||
| 942 | _cLIB | ||
| 999 |
_c32866 _d32866 |
||